000 00884nam a2200313 a 4500
001 000112728
003 CHAP
005 20220329144319.0
008 161018s2010 mx a |r| |||0|||spa d
010 _a109189
011 _a110161
020 _a9786071503572
040 _cCHAP
082 0 4 _a515
_bA97 2010
100 0 0 _aAyres, Frank
_99021
245 1 0 _aCálculo /
_cpor Frank Ayres y Elliot Mendelson; traduccion Yelka María García.
250 _a5 ed.
260 _aMéxico :
_bMcGraw-Hill Interamericana,
_cc2010.
300 _a524 p. :
_bil.
490 1 _aSerie Schaum
534 _pTít. original :
_tSchaum's outline of calculus. 5th ed. c2009.
590 _aE6096MTM
_b05
_c20161018
_lUCH01
_h1414
650 1 4 _aCálculo.
_923990
700 0 _aMendelson, Elliott.
_974567
830 0 _aSerie Schaum
_9105030
901 _aBK
942 _cLIBRO
942 _n0
999 _c109189
_d109189